00343nam a2200121 a 450000500170000000800410001705000290005810000200008724500400010726000410014730000210018865000120020920140310183208.0030207s19uu xx 00 eng d aPS 3563.A319b.M478 1995 aMcMurthy, Larry aPretty boy Floyd /cLarry McMurtry. aNew York :bPocket star book,c1995. a448 p. :c18 cm. aFiction